Puerta del Sol / (Record no. 105577)

MARC details
000 -LEADER
campo de control de longitud fija 00616nam a2200205 i 4500
001 - NÚMERO DE CONTROL
campo de control 105577
003 - IDENTIFICADOR DE NÚMERO DE CONTROL
campo de control ES-MaACL
007 - CAMPO FIJO DE DESCRIPCIÓN FÍSICA--INFORMACIÓN GENERAL
campo de control de longitud fija t|
008 - DATOS DE LONGITUD FIJA--INFORMACIÓN GENERAL
campo de control de longitud fija 060726s1959 ag ||||1| spa d
080 ## - NÚMERO DE LA CLASIFICACIÓN DECIMAL UNIVERSAL
Número de la Clasificación Decimal Universal 821.134.2-31"19"
100 0# - ENTRADA PRINCIPAL--NOMBRE DE PERSONA
Nombre de persona Bastid, Ricardo,
Fechas asociadas al nombre 1919-1966
9 (RLIN) 26367
245 10 - MENCIÓN DEL TÍTULO
Título Puerta del Sol /
Mención de responsabilidad, etc. Ricardo Bastid.
260 ## - PUBLICACIÓN, DISTRIBUCIÓN, ETC.
Lugar de publicación, distribución, etc. Buenos Aires :
Nombre del editor, distribuidor, etc. Losada,
Fecha de publicación, distribución, etc. [1959]
300 ## - DESCRIPCIÓN FÍSICA
Extensión 299 p. ;
Dimensiones 21 cm.
490 1# - MENCIÓN DE SERIE
Mención de serie Novelistas de España y América
500 ## - NOTA GENERAL
Nota general Biblioteca Juan Andrade.
830 0# - PUNTO DE ACCESO ADICIONAL DE SERIE-TÍTULO UNIFORME
Título uniforme Novelistas de España y América
9 (RLIN) 185060
852 ## - LOCALIZACIÓN
Ubicación ES-MaACL
Número de control de estantería AND-384
Sublocalización o colección R.109688
Holdings
Estatus retirado Estado de pérdida Estado de daño No para préstamo Biblioteca de origen Biblioteca actual Ubicación en estantería Fecha de adquisición Fuente de adquisición Total de préstamos Signatura topográfica completa Código de barras Visto por última vez Precio de reemplazo Tipo de ítem Koha
        Biblioteca del Ateneo de Madrid Biblioteca del Ateneo de Madrid Depósito 2 17/01/2008     AND-384 1110227 23/02/2023 23/02/2023 Libro impreso